Joueurs passés par le Borussia Dortmund - Mort Subite - Statistiques

Statistiques générales
  • Ce quiz a été pris 819 fois
    288 depuis la dernière actualisation
  • Le résultat moyen est 13 sur 20
Answers on the Grid
Answers color-coded by a green-red scale on the quiz's grid according to % correct below.
Yann Sommer
Nico Schlotterbeck
Jürgen Kohler
Alexander Frei
Manuel Akanji
Erling Haaland
Jobe Bellingham
Kevin-Prince Boateng
Mats Hummels
Niclas Füllkrug
Ciro Immobile
Pierre-Emerick Aubameyang
Ivan Perišić
Shinji Kagawa
Raphaël Guerreiro
Łukasz Piszczek
Thomas Delaney
Paco Alcácer
Leonardo Balerdi
Alexander Isak
Jonathan Tah
Bebeto
Benjamin Pavard
David Alaba
Kai Havertz
Mohamed Simakan
Franck Kessié
Gustav Isaksen
Clint Dempsey
Diadie Samassékou
Donny van de Beek
Thorgan Hazard
 
Statistiques - réponses
Réponse % Correct
Mats Hummels
86%
Pierre-Emerick Aubameyang
83%
Raphaël Guerreiro
79%
Thorgan Hazard
79%
Erling Haaland
78%
Jobe Bellingham
76%
Manuel Akanji
75%
Nico Schlotterbeck
74%
Łukasz Piszczek
73%
Niclas Füllkrug
71%
Shinji Kagawa
71%
Paco Alcácer
69%
Ciro Immobile
65%
Thomas Delaney
63%
Leonardo Balerdi
54%
Alexander Isak
50%
Ivan Perišić
41%
Jürgen Kohler
41%
Alexander Frei
29%
Kevin-Prince Boateng
23%
Aucun quiz correspondant
Distribution des résultats
% des personnes avec chaque résultat
Percentile par nombre de réponses
Votre historique - résultats
Vous n’avez pas pris ce quiz depuis la dernière actualisation